All 50k+ Cities in New Zealand with a Map - Statistics

General Stats
  • This quiz has been taken 1,449 times
  • The average score is 9 of 16
Answers on the Map
Answers color-coded by a green-red scale on the quiz's map according to % correct below.
 
Answer Stats
Population City % Correct
1,470,100 Auckland
99%
215,100 Wellington
99%
383,200 Christchurch
95%
106,200 Dunedin
72%
176,500 Hamilton
72%
50,200 Invercargill
58%
151,300 Tauranga
58%
51,100 Nelson
57%
81,500 Palmerston North
51%
66,300 Napier
50%
58,500 Rotorua
48%
54,400 Whangarei
46%
110,700 Lower Hutt
45%
57,600 New Plymouth
45%
59,600 Porirua
28%
59,800 Hibiscus Coast
14%
No matching quizzes found
Score Distribution
Percent of People with Each Score
Percentile by Number Answered
Your Score History
You have not taken this quiz